Lyrics to 'No Hay Más Que Hablar' by Morat - Statistics

General Stats
  • This quiz has been taken 42 times
  • The average score is 401 of 414
Answer Stats
Answer % Correct
a
100%
abierta
100%
acepté
100%
ahora
100%
al
100%
algo
100%
aunque
100%
avión
100%
Barcelona
100%
buscar
100%
buscaste
100%
cama
100%
carta
100%
certeza
100%
Con
100%
conmigo?
100%
contigo
100%
convertiste
100%
dabas
100%
Dando
100%
de
100%
decisión
100%
dejaste
100%
diez
100%
Dime
100%
dormir
100%
el
100%
en
100%
enemigo
100%
es
100%
ese
100%
estar
100%
fiesta
100%
fue
100%
fui
100%
hablar
100%
hay
100%
ibas
100%
ir
100%
Jugando
100%
la
100%
las
100%
le
100%
los
100%
malgastaba
100%
mar
100%
más
100%
me
100%
mesa
100%
100%
mi
100%
mientras
100%
Mientras
100%
mil
100%
mismo
100%
Montar
100%
mundo
100%
nada
100%
No
100%
no
100%
otra
100%
peces
100%
persona
100%
¿por
100%
por
100%
promesas
100%
puerta?
100%
que
100%
qué
100%
Que
100%
queda
100%
quedó
100%
quien
100%
quieras
100%
quisiste
100%
Recuerda
100%
se
100%
100%
segundos
100%
ser
100%
Si
100%
sin
100%
sobre
100%
soy
100%
tantos
100%
te
100%
Tengo
100%
testigos
100%
ti
100%
100%
tu
100%
100%
vi
100%
vida
100%
vivir
100%
vueltas
100%
vuelves
100%
Y
100%
y
100%
Ya
100%
ya
100%
yo
100%
Yo
100%
aprendí
83%
así
83%
cambiado
83%
cambié
83%
Como
83%
cumplir
83%
día
83%
enero
83%
hagas
83%
he
83%
insistir
83%
llorar
83%
nadie
83%
nos
83%
obligó
83%
Porque
83%
quiero
83%
Rompiste
83%
sabes
83%
solo
83%
todo
83%
última
83%
Un
83%
una
83%
vas
83%
verdad
83%
verme
83%
vez
83%
acostumbré
67%
cabe
67%
digas
67%
equivocaste
67%
¿Hoy
67%
nunca
67%
perdí
67%
Pero
67%
piezas
67%
sentido
67%
sigue
67%
tiene
67%
pesa
50%
No matching quizzes found
Score Distribution
Percent of People with Each Score
Percentile by Number Answered
Your Score History
You have not taken this quiz